00876 2200301 4500001002100000005001700021008004100038020002200079035002400101040001200125041000800137082001400145084001400159090001600173100002200189245014800211250001100359260003400370300003200404504002600436650001000462700001600472700002000488700001800508850001200526990001800538990001800556INLIS00000000003093920170915134110.0  a978-602-317-172-9 0010-091700000000307 aYOPDYOG0 aind042[23]a500 a500 Rau K aK 500 Rau K0 aRAUHIYATUL JANNAH1 aKereeen...!!! cerita seru dan fakta sains menakjubkanc/ Rauhiyatul Jannah; penyunting, Tin Zulaeha, Anggita Linggar; ilustrator, Hendra Aditya aCet. 1 aSurakartabVisi Mandiric2016 a104 hlm.b: ilus.c; 24 cm. aBibliografi: hlm. 103 4aSains0 aTin Zulaeha0 aAnggita Linggar0 aHendra Aditya aYOPDYOG a57046-PD/A.17 a57045-PD/A.17